000
00322nam a22001337a 4500
008
170807b xxu||||| |||| 00| 0 eng d
020
_a
9780766863231
041
_a
eng
080
_a
004
100
_a
34
101
_a
SHK
245
_a
AN INTRODUCTION TO DIGITAL IMAGING WITH PHOTOSHOP 7
_c
KREJCAREK,P
942
_2
udc
_c
BK
999
_c
22845
_d
22845